00835nam 22002531 4500001000800000005001700008008004100025035002100066906004500087010001700132040002200149050001500171082001000186100002900196245005900225260005100284300001900335490004900354504002700403650002900430830004800459991004100507099003300548122230919840511000000.0840510s1960 enk b 000 0 eng  9(DLC) 61002584 a7bcbccorignewdueocipf19gy-gencatlg a 61002584  aDLC/ICUcICUdDLC00aQA9b.K67700a510.11 aKorner, Stephan, d1913-14aThe philosophy of mathematics,ban introductory essay. aLondon,bHutchinson University Libraryc[1960] a198 p.c19 cm.1 a[Hutchinson university library :] Philosophy aIncludes bibliography. 0aMathematicsxPhilosophy. 0aHutchinson University Library.pPhilosophy. bc-GenCollhQA9i.K677tCopy 1wBOOKS akorner-philosophy-1072282333